[Event "Leiden LCT op-A 11th"]
[Site "Leiden"]
[Date "2017.07.23"]
[Round "9"]
[White "Blankert, Willem"]
[Black "Haussernot, Cecile"]
[Result "0-1"]
[WhiteElo "1966"]
[BlackElo "2092"]
[PlyCount "60"]
[EventDate "2017.07.14"]
[EventType "swiss"]
[EventRounds "9"]
[EventCountry "NED"]
[SourceTitle "EXT 2018"]
[Source "ChessBase"]
[SourceDate "2017.10.13"]
[SourceVersion "1"]
[SourceVersionDate "2017.10.13"]
[SourceQuality "1"]

1. Nf3 c5 2. c4 Nc6 3. g3 g6 4. Bg2 Bg7 5. Nc3 e6 6. d3 Nge7 7. Bg5 0-0 8. 0-0 h6 9. Bxe7 Qxe7 10. Qd2 a6 11. e3 Rb8 12. a4 Rd8 13. e4 Nd4 14. Nxd4 cxd4 15. Ne2 b5 16. cxb5 axb5 17. a5 b4 18. f4 Ba6 19. g4 Rdc8 20. f5 exf5 21. gxf5 b3 22. fxg6 Rc2 23. Qf4 Rf8 24. gxf7+ Rxf7 25. Qb8+ Kh7 26. Qxb3 Rxf1+ 27. Rxf1 Rxe2 28. e5 Qg5 29. Rf2 Rxf2 30. Kxf2 Qe3+ 0-1

[Event "Leiden LCT op-A 7th"]
[Site "Leiden"]
[Date "2013.07.12"]
[Round "1"]
[White "Wantola, Ivo"]
[Black "Blankert, Willem"]
[Result "1-0"]
[WhiteElo "2374"]
[BlackElo "2010"]
[PlyCount "51"]
[EventDate "2013.07.12"]
[EventType "swiss"]
[EventRounds "9"]
[EventCountry "NED"]
[SourceTitle "CBM 155 Extra"]
[Source "ChessBase"]
[SourceDate "2013.08.26"]
[SourceVersion "1"]
[SourceVersionDate "2013.08.26"]
[SourceQuality "1"]

1. Nf3 e6 2. c4 f5 3. g3 Nf6 4. Bg2 d5 5. 0-0 Bd6 6. Nc3 0-0 7. d3 Nc6 8. Nb5 Bd7 9. cxd5 Nxd5 10. e4 Nf6 11. exf5 exf5 12. Nxd6 cxd6 13. Qb3+ Kh8 14. Bf4 Ne8 15. Ng5 Ne5 16. Bxe5 Qxg5 17. Bf4 Qd8 18. Qxb7 Rb8 19. Qxa7 Rxb2 20. Rab1 Rxb1 21. Rxb1 Be6 22. a4 Qf6 23. a5 g5 24. Be3 Qg6 25. Qe7 Kg8 26. Qxg5 1-0